Κατανόηση, εκπαίδευση και φροντίδα του σκύλου

Αποθηκεύτηκε σε:
Λεπτομέρειες βιβλιογραφικής εγγραφής
Κύριος συγγραφέας: Villahizan, Javier
Άλλοι συγγραφείς: Τσουκανά, Μαρία (trlf), Βαρκαρόλη, Μαριάννα (edtf)
Μορφή: Βιβλίο
Γλώσσα:Greek
Δημοσίευση: Αθήνα : Καλοκάθης, 2008.
Θέματα:
Ετικέτες: Προσθήκη ετικέτας
Δεν υπάρχουν, Καταχωρήστε ετικέτα πρώτοι!

MARC

LEADER 00000cam a2200000 a 4500
001 1/120929
008 200214s2008####gr | ||| |||| ||gre||
020 |a 9789603963165 
040 |a GR-MyUa  |b gre  |c GR-MyUa  |e AACR2 
041 1 |a gre  |g spa 
082 7 |a 636.7  |2 (23) 
100 1 |a Villahizan, Javier. 
245 1 0 |a Κατανόηση, εκπαίδευση και φροντίδα του σκύλου /   |c Javier Villahizan, μετάφραση από τα ισπανικά Μαρία Τσουκανά, επιμέλεια Μαριάννα Βαρκαρόλη.  
260 |a Αθήνα :   |b Καλοκάθης,   |c 2008.  
300 |a 192 σ. :   |b εικ. ;   |c 24 εκ.  
500 |a Εκπαίδευση - φροντίδα. Σχέσεις - ράτσες - διατροφή. Κατανόηση - κτηνίατροι.  
650 0 |a Dogs  |x Training. 
650 0 |a Dogs  |x Behavior therapy. 
650 0 |a Puppies  |x Training. 
650 0 |a Dogs. 
700 1 |a Τσουκανά, Μαρία,  |e trlf 
700 1 |a Βαρκαρόλη, Μαριάννα,  |e edtf 
852 |a INST  |b SAMOS  |e 20200214  |h 636.7 VIL  |p 005300046337  |q 005300046337  |t BK  |y 0 
920 |a Τραγάκη   |b Ζαφειρούλα  |y Σάμος  |z 2019-04 
970 |a Γουβάλα  |b Βάσω   |z 13-02-2020